Rozvoj organizačných štruktúr VHJ a podnikov čiastková úloha SPEV 903-533-201-10

Saved in:
Bibliographic Details
Format: Book
Language:Slovak
Published: Bratislava Vysoká škola ekonomická 1983
Tags: Add Tag
No Tags, Be the first to tag this record!

MARC

LEADER 00000nam a2200000 4500
001 c134760
005 20250709071628.9
041 0 |a slo 
044 |a SK 
245 1 0 |a Rozvoj organizačných štruktúr VHJ a podnikov  |b čiastková úloha SPEV 903-533-201-10 
264 1 |a Bratislava  |b Vysoká škola ekonomická  |c 1983 
300 |a 41 s.